[Event "St Petersburg Korchnoi Memorial op"]
[Site "St Petersburg"]
[Date "2023.08.21"]
[Round "6"]
[White "Kramarenko, Ekaterina"]
[Black "Khorsheva, Alexandra"]
[Result "1-0"]
[WhiteElo "1633"]
[BlackElo "2154"]
[PlyCount "51"]
[EventDate "2023.08.18"]
[EventType "swiss"]
[EventRounds "9"]
[EventCountry "RUS"]
[SourceTitle "EXT 2024"]
[Source "ChessBase"]
[SourceDate "2023.10.10"]
[SourceVersion "1"]
[SourceVersionDate "2023.10.10"]
[SourceQuality "1"]

1. e4 c5 2. Nf3 Nc6 3. c3 Nf6 4. e5 Nd5 5. d4 cxd4 6. cxd4 d6 7. Bc4 e6 8. 0-0 dxe5 9. dxe5 Be7 10. Qe2 Qc7 11. Rd1 Nb6 12. Bb3 h6 13. Nc3 a6 14. Be3 Na5 15. Na4 Nxa4 16. Bxa4+ b5 17. Rac1 Qb8 18. Bc2 0-0 19. Qd3 f5 20. exf6 Rxf6 21. Qh7+ Kf7 22. Bd4 Qf4 23. Ne5+ Ke8 24. Bg6+ Rxg6 25. Qxg6+ Kf8 26. Nd7+ 1-0

[Event "St Petersburg-ch (Women) 91st"]
[Site "St Petersburg"]
[Date "2023.03.24"]
[Round "7"]
[White "Getman, Tatyana"]
[Black "Kramarenko, Ekaterina"]
[Result "1-0"]
[WhiteElo "2213"]
[BlackElo "1740"]
[PlyCount "61"]
[EventDate "2023.03.18"]
[EventType "swiss"]
[EventRounds "9"]
[EventCountry "RUS"]
[SourceTitle "CBM 213 Extra"]
[Source "ChessBase"]
[SourceDate "2023.05.31"]
[SourceVersion "1"]
[SourceVersionDate "2023.05.31"]
[SourceQuality "1"]

1. d4 d5 2. c4 c6 3. Nf3 Nf6 4. Nc3 dxc4 5. a4 Bf5 6. Ne5 Nbd7 7. Nxc4 e6 8. f3 Be7 9. e4 Bg6 10. Be2 0-0 11. Be3 Rc8 12. 0-0 Nb6 13. Qb3 Nxc4 14. Bxc4 Qc7 15. Rac1 Qb6 16. Bxe6 Ra8 17. Bc4 Bb4 18. Bf2 Qa5 19. Na2 Bd2 20. Rcd1 Bf4 21. Nc3 Rab8 22. g3 Bh6 23. d5 Bh5 24. Kg2 b5 25. axb5 cxb5 26. Bd3 b4 27. Ne2 Qc7 28. Nd4 a5 29. Nf5 Nd7 30. d6 Qb7 31. Nxh6+ 1-0

[Event "Minsk op"]
[Site "Minsk"]
[Date "2022.08.07"]
[Round "5"]
[White "Skvortsov, Andrei"]
[Black "Kramarenko, Ekaterina"]
[Result "1-0"]
[WhiteElo "2112"]
[BlackElo "1689"]
[PlyCount "65"]
[EventDate "2022.08.03"]
[EventType "swiss"]
[EventRounds "9"]
[EventCountry "BLR"]
[SourceTitle "CBM 209 Extra"]
[Source "ChessBase"]
[SourceDate "2022.09.30"]
[SourceVersion "1"]
[SourceVersionDate "2022.09.30"]
[SourceQuality "1"]

1. e4 c6 2. d4 d5 3. Nc3 dxe4 4. Nge2 Nf6 5. Ng3 Nbd7 6. Bc4 Nb6 7. Bb3 Nbd5 8. Ncxe4 e6 9. 0-0 Be7 10. c3 Nxe4 11. Nxe4 Nf6 12. Ng3 Qc7 13. Qf3 b6 14. Bf4 Qd7 15. Rfe1 Bb7 16. Nh5 Rg8 17. Rad1 Nd5 18. Bg3 g6 19. Nf4 Bd6 20. Nxd5 cxd5 21. Bxd5 Bxd5 22. Qxd5 Rd8 23. Qf3 Bxg3 24. Qxg3 Qd5 25. b3 Kf8 26. Re5 Qb7 27. h4 Kg7 28. h5 Rge8 29. Rde1 Rd7 30. Qf4 gxh5 31. Qg5+ Kf8 32. Qh6+ Ke7 33. Rxe6+ 1-0

[Event "Minsk op"]
[Site "Minsk"]
[Date "2022.08.04"]
[Round "2"]
[White "Kramarenko, Ekaterina"]
[Black "Smirnova, Ekaterina"]
[Result "0-1"]
[WhiteElo "1689"]
[BlackElo "2173"]
[PlyCount "76"]
[EventDate "2022.08.03"]
[EventType "swiss"]
[EventRounds "9"]
[EventCountry "BLR"]
[SourceTitle "CBM 209 Extra"]
[Source "ChessBase"]
[SourceDate "2022.09.30"]
[SourceVersion "1"]
[SourceVersionDate "2022.09.30"]
[SourceQuality "1"]

1. e4 e6 2. d4 d5 3. e5 c5 4. c3 Nc6 5. Nf3 Bd7 6. Be2 Nge7 7. Na3 Nf5 8. Nc2 cxd4 9. cxd4 Be7 10. 0-0 0-0 11. Bd2 a5 12. Bd3 Qb6 13. g4 Nh6 14. Qc1 Nxg4 15. h3 f5 16. hxg4 fxg4 17. Nfe1 Nxd4 18. Nxd4 Qxd4 19. Qc3 Bc5 20. Nc2 Qxc3 21. Bxc3 Rf3 22. Be2 Rf4 23. Kg2 Raf8 24. f3 Bc6 25. Bd2 R4f5 26. f4 d4+ 27. Kg3 Be4 28. Ne1 h5 29. Bd3 Bxd3 30. Nxd3 Bb6 31. Rac1 g5 32. Nc5 gxf4+ 33. Rxf4 Bc7 34. Nxe6 Bxe5 35. Nxf8 Kxf8 36. Rcf1 Kg7 37. Re1 Bxf4+ 38. Bxf4 Kf6 0-1

[Event "Chigorin Memorial 28th"]
[Site "St Petersburg"]
[Date "2021.10.27"]
[Round "5"]
[White "Kramarenko, Ekaterina"]
[Black "Nuritdinov, Nizomitdin"]
[Result "1-0"]
[WhiteElo "1488"]
[BlackElo "1765"]
[PlyCount "93"]
[EventDate "2021.10.23"]
[EventType "swiss"]
[EventRounds "9"]
[EventCountry "RUS"]
[SourceTitle "EXT 2023"]
[Source "ChessBase"]
[SourceDate "2022.10.05"]
[SourceVersion "1"]
[SourceVersionDate "2022.10.05"]
[SourceQuality "1"]

1. e4 d6 2. d4 Nf6 3. Bd3 c6 4. Nf3 g6 5. 0-0 Bg7 6. h3 0-0 7. c3 Nbd7 8. Re1 e5 9. Nbd2 Qc7 10. Nf1 Re8 11. Qc2 b6 12. Bg5 h6 13. Bh4 Nh5 14. Rad1 Nf4 15. Bc4 Nf6 16. Bg3 N6h5 17. Bh2 a5 18. Ng3 Nxg3 19. Bxg3 g5 20. dxe5 dxe5 21. Rd2 b5 22. Bf1 Be6 23. Red1 a4 24. Qb1 Bf8 25. Ne1 h5 26. Nd3 h4 27. Bxf4 gxf4 28. Be2 f6 29. Bg4 Bxg4 30. hxg4 Qh7 31. f3 h3 32. gxh3 Qxh3 33. Rf1 Qg3+ 34. Rg2 Qh4 35. Rh2 Qg5 36. Rh5 Qg7 37. Kg2 Qa7 38. Rfh1 Bg7 39. Qe1 Kf7 40. Qh4 Rh8 41. Rh7 Rxh7 42. Qxh7 Rd8 43. Rd1 Re8 44. Qf5 Kf8 45. Nf2 Qc7 46. Rd7 Qc8 47. g5 1-0

[Event "RUS Cup U13 Girls final"]
[Site "Bryansk"]
[Date "2019.01.08"]
[Round "5"]
[White "Alekseenko, Mariya"]
[Black "Kramarenko, Ekaterina"]
[Result "1-0"]
[WhiteElo "1797"]
[BlackElo "1558"]
[PlyCount "108"]
[EventDate "2019.01.04"]
[EventType "tourn"]
[EventRounds "7"]
[EventCountry "RUS"]
[SourceTitle "CBM 189 Extra"]
[Source "ChessBase"]
[SourceDate "2019.06.03"]
[SourceVersion "1"]
[SourceVersionDate "2019.06.03"]
[SourceQuality "1"]

1. e4 e5 2. Nf3 Nc6 3. Bb5 a6 4. Bxc6 dxc6 5. 0-0 f6 6. d4 exd4 7. Nxd4 c5 8. Ne2 Qxd1 9. Rxd1 g5 10. e5 h6 11. exf6 Nxf6 12. Nbc3 Bd6 13. Ng3 0-0 14. Nge4 Nxe4 15. Nxe4 Be7 16. Be3 b6 17. Nc3 Bb7 18. Nd5 Bxd5 19. Rxd5 Bd6 20. Rad1 a5 21. h4 Bf4 22. hxg5 hxg5 23. g3 c6 24. R5d3 Bxe3 25. Rxe3 Rf6 26. Re5 Rg6 27. Rd7 Rb8 28. g4 c4 29. Rde7 Rc8 30. Kg2 Kf8 31. Rh7 Kg8 32. Rh5 Rd8 33. Rhxg5 Rdd6 34. Rxg6+ Rxg6 35. Kg3 Kf7 36. f4 Rd6 37. Re2 b5 38. g5 b4 39. Re4 b3 40. Rxc4 bxa2 41. Ra4 Rd2 42. Rxa2 Rxc2 43. Rxa5 Rxb2 44. Kg4 Kg7 45. Ra7+ Kf8 46. Rc7 Rc2 47. Kf5 Rc4 48. g6 Ra4 49. Rxc6 Ra8 50. Kf6 Kg8 51. f5 Rf8+ 52. Kg5 Kg7 53. f6+ Kg8 54. g7 Ra8 1-0

[Event "RUS Cup U13 Girls final"]
[Site "Bryansk"]
[Date "2019.01.05"]
[Round "2"]
[White "Kramarenko, Ekaterina"]
[Black "Lesnykh, Zhanna"]
[Result "0-1"]
[WhiteElo "1558"]
[BlackElo "1655"]
[PlyCount "122"]
[EventDate "2019.01.04"]
[EventType "tourn"]
[EventRounds "7"]
[EventCountry "RUS"]
[SourceTitle "CBM 189 Extra"]
[Source "ChessBase"]
[SourceDate "2019.06.03"]
[SourceVersion "1"]
[SourceVersionDate "2019.06.03"]
[SourceQuality "1"]

1. e4 e5 2. Nf3 d6 3. d4 exd4 4. Nxd4 Nf6 5. Nc3 Be7 6. Be2 0-0 7. 0-0 a6 8. Re1 c5 9. Nf3 Nc6 10. b3 b5 11. Bf1 Bg4 12. Bb2 Re8 13. Nd5 Nxd5 14. exd5 Bxf3 15. Qxf3 Nb8 16. Qg3 Bf8 17. Bd3 Nd7 18. Rxe8 Qxe8 19. Bf5 Nb6 20. Qh4 h6 21. Be4 Qe7 22. Qf4 Re8 23. f3 Qg5 24. Qxg5 hxg5 25. Kf2 g6 26. g4 Bg7 27. Bxg7 Kxg7 28. Rg1 Re5 29. a3 Kh6 30. a4 bxa4 31. bxa4 f5 32. a5 Nxd5 33. Bd3 Nb4 34. Rd1 Rd5 35. gxf5 gxf5 36. Ke3 c4 37. Be2 Nxc2+ 38. Kf2 Rxd1 39. Bxd1 Na3 40. Ke3 c3 41. Kd3 c2 42. Bxc2 Nxc2 43. Kxc2 Kg6 44. Kd3 Kf6 45. h3 Ke5 46. Ke3 d5 47. f4+ gxf4+ 48. Ke2 Ke4 49. h4 f3+ 50. Kf2 Kf4 51. h5 Kg5 52. h6 Kxh6 53. Kxf3 d4 54. Kf4 Kg6 55. Kf3 Kg5 56. Kf2 f4 57. Kf3 d3 58. Kf2 Kg4 59. Kf1 f3 60. Ke1 Kg3 61. Kf1 d2 0-1